01139nam a2200193Ia 4500001001100000003001000011008004100021040002500062041001300087100003100100245007300131250001100204260005600215300001200271500026400283501011400547520026400661650002000925L253-47370IT-CnALBA170116s9999||||xx |||||||||||||| ||und|| aIT-CnALBAcIT-CnALBA aITALIANO aFORNASARI D. EUGENIO, SSP. 0aIL CIELO NEGLI OCCHI. BIOGRAFIA DI SUOR GIUDITTA CELIO BENEDETTINA.  a1a ed. bGRA'c1997 [1° Ed.:1997 - Ed.Ling.Originale: 1997] a111 p.  aCURATORE MARCHESANO D. V. IL CAMMINO DELLA BELLEZZA. DOTTRINA DELLA PICCOLA VIA DI SANTA TERESA DI LISIEUX. ESERCIZIO QUOTIDIANO DELLE PICCOLE VIRTÙ. PELLEGRINA. VOCAZIONE. SPOSA DEL CROCIFISSO. LA CROCE. SPIRITUALITÀ BENEDETTINA. ULTIMO CALVARIO. GIUDITT aSocietà San Paolo EM - Piazza San Paolo, 14 - 12051 ALBA (CN) (non commercial uses only) ® Copyright 2017 aCURATORE MARCHESANO D. V. IL CAMMINO DELLA BELLEZZA. DOTTRINA DELLA PICCOLA VIA DI SANTA TERESA DI LISIEUX. ESERCIZIO QUOTIDIANO DELLE PICCOLE VIRTÙ. PELLEGRINA. VOCAZIONE. SPOSA DEL CROCIFISSO. LA CROCE. SPIRITUALITÀ BENEDETTINA. ULTIMO CALVARIO. GIUDITT aMODELLI DI VITA